Estadísticas para Prueba de Islandia

Haz click aquí para tomar la prueba!

Estadísticas generales

  • Esta prueba ha sido tomada 512 veces
  • La puntuación promedio es 11 de 20

Estadísticas de respuestas

PistaRespuesta% Correcto
Capital de IslandiaReikiavik
99%
Idioma oficialIslandés
95%
País del que Islandia obtuvo su independencia en 1918Dinamarca
84%
Grupo de personas que se asentaron en Islandia a partir del año 874 d.C.Norse
83%
El porcentaje de la tierra de Islandia que está boscosa (al número entero más cercano)0.49%
78%
Islandia come más _____ per cápita que cualquier otro país, excepto las MaldivasPescado
75%
Junto con Japón, Islandia es uno de los pocos países que permiten a la gente cazar estos animalesBallenas
69%
Tipo de bioma que cubre el 62,7% de Islandia (comienza con T)Tundra
62%
Moneda de IslandiaCorona
60%
¿Qué son Eyjafjallajökull y Öræfajökull?Volcanes
60%
Islandia obtiene el 30% de su electricidad de este tipo de energía (comienza con G)Geotérmica
58%
La rama protestante de la que forma parte la Iglesia de IslandiaLuteranismo
46%
La isla que fue colonizada por Erik el Rojo a finales del siglo XGroenlandia
45%
La corriente oceánica que mantiene a Islandia más caliente de lo que sería de otra maneraCorriente del {Golfo}
39%
Cantante femenina que ha grabado 22 éxitos del top 40 en el Reino UnidoBjörk
38%
Alþingi, fundado en 930 D.C. se dice que es el ________ más antiguo
del mundo, al menos 200 años más antiguo que el de Inglaterra
Parlamento
33%
Historia tradicional sobre el asentamiento y la historia de Islandia (comienza con S)Saga
28%
Pequeña ave marina con un pico anaranjado que a veces se come como alimentoFrailecillo
23%
Hijo de Erik el Rojo, que fundó el asentamiento de Vinland en el actual CanadáLeif Erikson
23%
Cordillera, en su mayoría bajo el agua, de la que Islandia forma parte.Dorsal {Mesoatlántica}
22%

Distribución de puntuación

Porcentaje por número respondido

Porcentaje de gente con cada puntuación

Historial de tus puntuaciones

No has tomado esta prueba